Curso elemental de Estadística Administrativa (Record no. 32718)

MARC details
000 -LEADER
campo de control de longitud fija 00644nam a2200169 i 4500
001 - NÚMERO DE CONTROL
campo de control 32718
003 - IDENTIFICADOR DE NÚMERO DE CONTROL
campo de control ES-MaACL
005 - FECHA Y HORA DE LA ÚLTIMA TRANSACCIÓN
campo de control 20230906154626.0
007 - CAMPO FIJO DE DESCRIPCIÓN FÍSICA--INFORMACIÓN GENERAL
campo de control de longitud fija t|
008 - DATOS DE LONGITUD FIJA--INFORMACIÓN GENERAL
campo de control de longitud fija 030131s1907 sp ||||1| spa d
100 1# - ENTRADA PRINCIPAL--NOMBRE DE PERSONA
Nombre de persona Bertillón, Jacques.
9 (RLIN) 28462
245 10 - MENCIÓN DEL TÍTULO
Título Curso elemental de Estadística Administrativa
Resto del título : elaboración de las estadísticas, organización de las Oficinas de Estadística, elementos de demografía /
Mención de responsabilidad, etc. por Jacques Bertillón ; traducida por Antonio Revenga.
260 ## - PUBLICACIÓN, DISTRIBUCIÓN, ETC.
Lugar de publicación, distribución, etc. Madrid :
Nombre del editor, distribuidor, etc. [s.n.,
Fecha de publicación, distribución, etc. 1907] (
Fabricante Sucs. de M. Minuesa)
300 ## - DESCRIPCIÓN FÍSICA
Extensión 627 p. ;
Dimensiones 20 cm.
700 1# - ENTRADA AGREGADA--NOMBRE PERSONAL
Nombre de persona Revenga, Antonio.
9 (RLIN) 96399
852 ## - LOCALIZACIÓN
Ubicación ES-MaACL
Número de control de estantería F-14605
Holdings
Estatus retirado Estado de pérdida Estado de daño No para préstamo Biblioteca de origen Biblioteca actual Ubicación en estantería Fecha de adquisición Fuente de adquisición Total de préstamos Signatura topográfica completa Código de barras Visto por última vez Precio de reemplazo Tipo de ítem Koha
        Biblioteca del Ateneo de Madrid Biblioteca del Ateneo de Madrid Sala Pecera Planta 2 17/01/2008     F-14605 1033939 23/02/2023 23/02/2023 Libro impreso